| 000 | 00985nam a22003017a 4500 | ||
|---|---|---|---|
| 001 | 4784 | ||
| 003 | FISKH | ||
| 005 | 20250505083038.0 | ||
| 008 | 241014b cb ||||| |||| 00| 0 eng d | ||
| 020 | _a9780545300377 | ||
| 040 |
_aFISKH _beng _cFISKH _dFISKH |
||
| 050 | _aPZ7.L644 | ||
| 082 | _a823.914 | ||
| 100 |
_aLin, Grace _d(1974-) |
||
| 245 |
_aThe ugly vegetables / _cGrace Lin |
||
| 250 | _a1999 | ||
| 260 |
_aNew York : _bScholastic, _c1999. |
||
| 300 |
_a28 pages : _bColor Illustrations ; _c21 cm |
||
| 505 | _aL | ||
| 520 | _aA little girl thinks her mother's garden is the ugliest in the neighborhood until she discovers that flowers might look and smell pretty but Chinese vegetable soup smells best of all. Includes a recipe. | ||
| 521 | 8 |
_a520L
_bLexile |
|
| 521 | 8 |
_aL
_bRaz-Plus |
|
| 650 |
_2Vegetables _aAsian American |
||
| 650 |
_2Neighbors _aGarden _vFlowers |
||
| 700 |
_aM.Earley, Diane _dIllustrator |
||
| 942 |
_2ddc _cBK _n0 |
||
| 999 |
_c4784 _d4784 |
||